The story of Methodism / (Record no. 3757)

MARC details
000 -LEADER
fixed length control field 00817cam a22002531i 4500
001 - CONTROL NUMBER
control field 0000003896
003 - CONTROL NUMBER IDENTIFIER
control field OSt
005 - DATE AND TIME OF LATEST TRANSACTION
control field 20140825164138.0
008 - FIXED-LENGTH DATA ELEMENTS--GENERAL INFORMATION
fixed length control field 861205s1949 nyu 000 0 eng
035 ## - SYSTEM CONTROL NUMBER
System control number rgt65469019
040 ## - CATALOGING SOURCE
Original cataloging agency PUL
Transcribing agency PUL
050 ## - LIBRARY OF CONGRESS CALL NUMBER
Classification number BX8231
Item number .L83 1949
100 10 - MAIN ENTRY--PERSONAL NAME
Personal name Luccock, Halford Edward,
Dates associated with a name 1885-1960.
245 14 - TITLE STATEMENT
Title The story of Methodism /
Statement of responsibility, etc by Halford E. Luccock and Paul Hutchinson ; with two final chapters by Robert W. Goodloe ; illustrations by Harold Speakman. --.
260 0# - PUBLICATION, DISTRIBUTION, ETC. (IMPRINT)
Place of publication, distribution, etc New York ;
-- Nashville :
Name of publisher, distributor, etc Abingdon Press,
Date of publication, distribution, etc c1949.
300 ## - PHYSICAL DESCRIPTION
Extent 528 p. :
Other physical details ill. ;
Dimensions 24 cm.
500 ## - GENERAL NOTE
General note Includes index.
600 10 - SUBJECT ADDED ENTRY--PERSONAL NAME
Personal name Wesley, John,
Dates associated with a name 1703-1791.
650 #0 - SUBJECT ADDED ENTRY--TOPICAL TERM
Topical term or geographic name as entry element Methodism.
700 10 - ADDED ENTRY--PERSONAL NAME
Personal name Hutchinson, Paul,
Relator term joint ed.
700 10 - ADDED ENTRY--PERSONAL NAME
Personal name Goodloe, Robert W.
908 ## - PUT COMMAND PARAMETER (RLIN)
Put command parameter 050322
942 ## - ADDED ENTRY ELEMENTS (KOHA)
Source of classification or shelving scheme Library of Congress Classification
Koha item type General circulation books
Holdings
Withdrawn status Lost status Source of classification or shelving scheme Damaged status Not for loan Home library Current library Date acquired Source of acquisition Total Checkouts Full call number Barcode Date last seen Price effective from Koha item type
    Library of Congress Classification     Presbyterian University of East Africa - Main Library Presbyterian University of East Africa - Main Library 26/12/2012 Donation   BX8231 .L83 1949 020010004273 26/12/2012 26/12/2012 General circulation books
© Customized & Maintained by Eunice Ngesa